Química aplicada

Gardado en:
Detalles Bibliográficos
Autor Principal: Cherim, Stanley M (Author)
Formato: Libro
Idioma:Lingua castelá
Publicado: Ciudad de México CRAT 1974
Ciudad de México Nueva Editorial Interamericana 1974
Subjects:
Tags: Engadir etiqueta
Sen Etiquetas, Sexa o primeiro en etiquetar este rexistro!

MARC

LEADER 00000nam a2200000 a 4500
001 UCT1496
003 CL-VaPUC
008 960927e19740000mx |||||||||||||||||spa|d
082 0 4 |a 540  |b CHE  |2 21 
100 0 |a Cherim, Stanley M  |e author  |9 370408 
245 1 0 |a Química aplicada 
300 |a 437 p 
942 |c BK 
945 |d 19960927 00:00:00  |a paguirre 
260 |a Ciudad de México  |b CRAT  |c 1974 
260 |a Ciudad de México  |b Nueva Editorial Interamericana  |c 1974 
650 0 |a Química  |9 259896 
650 0 |a Átomos  |9 259583 
650 7 |a ENERGIA QUIMICA  |2 CL-VaPUC  |9 370409 
650 0 |a Oxidación  |9 326616 
650 0 |a Electroquímica  |9 263973 
650 0 |a Química orgánica   |9 259426 
583 |a last modification  |c 20171006 04:30:45  |k Rodrigo Vera 
999 |c 252004  |d 252002 
952 |0 0  |1 0  |4 0  |6 540_000000000000000_CHE_1974_1974  |7 0  |8 A  |9 271577  |a BIBCUR  |b BIBCUR  |d 2019-11-19  |i 1785613  |o 540 CHE 1974 1974  |p 1785613  |r 2025-04-22  |w 2019-11-19  |y BK  |k QUI